00764nam a2200253Ia 4500003000400000005001700004008004100021020001800062040000700080041000800087082002200095100002500117245002200142250000600164260004300170300001600213365001300229650002100242650004400263906002400307942001200331999001900343952014800362OSt20230427143632.0210423s2019 xx 000 0 und d a9788122424089 cAL aeng a541.28 223bPRAQ aPRASAD ( R K)994124 aQuantum chemistry a4 aNew DelhibNew Age Internationalc2019 axx, 566bPB b475cINR aChemistry994125 aPhysical & Theoretical Chemistry994126 achemistry ; Quantum 2ddccBK c170282d170282 001040708GCaSACPGbSACPGd2019-08-27eBiblios Book Pointg475.00l7o541.28 PRAQpPG016784r2023-05-03 00:00:00s2023-04-20w2021-04-26yBK